00586 a2200157 4500952011400000999001500114020001500129050001700144100002600161245010700187264005600294300001200350500001900362650002100381942002600402 001040708NFICaLLbLLcGENd2021-06-08l0oJC599AZZ12996p004603r2021-06-08 00:00:00tC.1w2021-06-08yBK c9234d9234 a9772391112 aJC599AZZ1996 aAzzam Fateh Seauthor aArab constitutional guarantees of civil and politicl rights :ba comparative analysis /cFateh S Azzam aHeliopolis Cairo:bDar EL-Mostaqbal AL Arabi,c1996 a134p. : aincludes index apolitical rights 2lcccBKh599iAZZkJC